Historias Cabecares 1 (Registro nro. 1087)
[ vista simple ]
| 000 -CABECERA | |
|---|---|
| campo de control de longitud fija | 00587aam a2200241 4500 |
| 005 - FECHA Y HORA DE ACTUALIZACIÓN | |
| campo de control | 20160926121411.0 |
| 008 - LONGITUD FIJA | |
| campo de control de longitud fija | 150406b xxu||||| |||| 00| 0 spa d |
| 041 ## - IDIOMA | |
| Código de idioma del texto/pista de sonido o título separado | |
| 082 ## - CLASIFICACIÓN DECIMAL DEWEY | |
| Número de clasificación | 972.860.1 F363h |
| 100 ## - AUTOR PERSONAL | |
| Nombre de persona | Fernandez, Severiano |
| 100 ## - AUTOR PERSONAL | |
| Nombre de persona | Varas, Valeria |
| 245 ## - TÍTULO PROPIAMENTE DICHO | |
| Título | Historias Cabecares 1 |
| 260 ## - PIE DE IMPRENTA | |
| Lugar de publicación, distribución, etc. | Costa Rica |
| 260 ## - PIE DE IMPRENTA | |
| Nombre del editor, distribuidor, etc. | EUCR |
| 260 ## - PIE DE IMPRENTA | |
| Fecha de publicación, distribución, etc. | 1989 |
| 300 ## - DESCRIPCIÓN FÍSICA | |
| Extensión | 34 |
| 650 ## - Materia General | |
| Materia general | INDIOS DE COSTA RICA |
| 650 ## - Materia General | |
| Materia general | COSTA RICA |
| 650 ## - Materia General | |
| Materia general | CABECARES |
| 650 ## - Materia General | |
| Materia general | COSTUMBRES |
| 650 ## - Materia General | |
| Materia general | LEYENDAS |
| 942 ## - Punto de Acceso Adicional Koha | |
| Tipo de ítem Koha | Libro |
| Estado perdido | Estado dañado | No para préstamo | Biblioteca permanente | Biblioteca actual | Signatura completa | Código de barras | Precio efectivo a partir del | Tipo de ítem |
|---|---|---|---|---|---|---|---|---|
| Departamento de Biblioteca y Documentación Alfonso Chase Brenes | Departamento de Biblioteca y Documentación Alfonso Chase Brenes | 972.860.1 F363h | 8562 | 26/09/2016 | Libro |